00417nam a2200145Ia 4500003000400000008004100004040001600045082001900061100002400080245008500104700002100189260003000210300001000240650002100250GCL140319s9999 xx 000 0 eng d aGCL / cGCL04a616.89142bT B1 aTHORPE, GEOFFREY L.10aBEHAVIOR THERAPY: CONCEPTS, PROCEDURES, AND APPLICATIONS / cTHORPE, GEOFFREY L.1 aOLSON, SHERYL.L. a[S.N] : bALLYN AND BACON a320 P04aBEHAVIOR THERAPY